La revolución de la inteligencia / Luis Alberto Machado

Wedi'i Gadw mewn:
Manylion Llyfryddiaeth
Prif Awdur: Machado, Luis Alberto (autor)
Fformat: Llyfr
Cyfres:Biblioteca breve de bolsillo. Libros de enlace ; 131
Pynciau:
Tagiau: Ychwanegu Tag
Dim Tagiau, Byddwch y cyntaf i dagio'r cofnod hwn!

MARC

LEADER 00000nam^a2200000^u^4500
001 000551754
005 20250521000000.0
008 060220s1000^^^^^^^^^^^^r^^^^^000^0^spa^d
009 20260310131602.352
022 |a 8432227323 
035 |a FMI 000021539 
037 |a Acervo Xavier Clavigero 
096 |a 6.2/4/B 
100 |a Machado, Luis Alberto  |e (autor) 
245 1 3 |a La revolución de la inteligencia / Luis Alberto Machado 
264 |a México : Seix Barral, 1976 
300 |a 156 p. 
336 |a texto  |b txt  |2 rdacontenido 
337 |a sin mediación  |b n  |2 rdamedio 
338 |a volumen  |b nc  |2 rdasoporte 
440 0 |a Biblioteca breve de bolsillo. Libros de enlace ; 131 
649 |a XX 
650 |a Epistemología 
910 |a Fondo Francisco Migoya Covarrubias S.J. 
920 |a Impresos - Libros 
930 |a Fondos Especiales 
905 |a 134 
901 |a SBC05292  |b IT2  |c ESP  |u 20250521 
902 |a https://opac.biblio.iteso.mx/vufind/Record/000551754